El Canal Imperial de Aragón (Record no. 62756)

MARC details
000 -LEADER
campo de control de longitud fija 00839nam a2200205 i 4500
001 - NÚMERO DE CONTROL
campo de control 62756
003 - IDENTIFICADOR DE NÚMERO DE CONTROL
campo de control ES-MaACL
005 - FECHA Y HORA DE LA ÚLTIMA TRANSACCIÓN
campo de control 20230906164726.0
007 - CAMPO FIJO DE DESCRIPCIÓN FÍSICA--INFORMACIÓN GENERAL
campo de control de longitud fija t|
008 - DATOS DE LONGITUD FIJA--INFORMACIÓN GENERAL
campo de control de longitud fija 031125s1961 sp af |||| | spa d
100 1# - ENTRADA PRINCIPAL--NOMBRE DE PERSONA
Nombre de persona Fernández Marco, Juan Ignacio.
9 (RLIN) 49888
245 13 - MENCIÓN DEL TÍTULO
Título El Canal Imperial de Aragón
Resto del título : estudio geográfico /
Mención de responsabilidad, etc. por Juan Ignacio Fernández Marco.
260 ## - PUBLICACIÓN, DISTRIBUCIÓN, ETC.
Lugar de publicación, distribución, etc. Zaragoza :
Nombre del editor, distribuidor, etc. Departamento de Geografía Aplicada del Instituto Juan Sebastián Elcano,
Fecha de publicación, distribución, etc. 1961.
300 ## - DESCRIPCIÓN FÍSICA
Extensión 179 p., 39 lám. :
Otras características físicas il. ;
Dimensiones 28 cm.
500 ## - NOTA GENERAL
Nota general Precede al tít.: Consejo Superior de Investigaciones Científicas.
651 #4 - PUNTO DE ACCESO ADICIONAL DE MATERIA--NOMBRE GEOGRÁFICO
Nombre geográfico Canal Imperial de Aragón.
9 (RLIN) 169494
651 #4 - PUNTO DE ACCESO ADICIONAL DE MATERIA--NOMBRE GEOGRÁFICO
Nombre geográfico Zaragoza (Provincia)-
Subdivisión general Geografía.
9 (RLIN) 169496
710 2# - ENTRADA AGREGADA--NOMBRE DE ENTIDAD CORPORATIVA
Nombre de entidad corporativa o nombre de jurisdicción como elemento de entrada Instituto Juan Sebastián Elcano.
Unidad subordinada Departamento de Geografía Aplicada.
9 (RLIN) 5114
852 ## - LOCALIZACIÓN
Ubicación ES-MaACL
Número de control de estantería B-1125
Holdings
Estatus retirado Estado de pérdida Estado de daño No para préstamo Biblioteca de origen Biblioteca actual Ubicación en estantería Fecha de adquisición Fuente de adquisición Total de préstamos Signatura topográfica completa Código de barras Visto por última vez Precio de reemplazo Tipo de ítem Koha
        Biblioteca del Ateneo de Madrid Biblioteca del Ateneo de Madrid Sala Pardo Bazán 17/01/2008     B-1125 1065787 23/02/2023 23/02/2023 Libro impreso